Hispania Vetus: Manuscritos litúrgico-musicales de los orígenes visigóticos a la transición francorromana siglos IX-XII

Gardado en:
Detalles Bibliográficos
Autor Principal: Zapke, Susana (Author)
Formato: Libro
Idioma:Lingua castelá
Publicado: Bilbao Fundación BBVA 2007
Subjects:
Tags: Engadir etiqueta
Sen Etiquetas, Sexa o primeiro en etiquetar este rexistro!

MARC

LEADER 00000nam a2200000 a 4500
001 UCH4519
003 CL-VaPUC
008 090820e20070000SP |||||||||||||||||spa|d
020 |a 9788496515499 
082 0 4 |a 782.29  |b ZAP  |2 21 
100 0 |a Zapke, Susana  |e author  |9 540059 
245 1 0 |a Hispania Vetus: Manuscritos litúrgico-musicales de los orígenes visigóticos a la transición francorromana siglos IX-XII 
300 |a 480 p 
942 |c BK 
945 |d 20090820 00:00:00  |a dcastane 
260 |a Bilbao  |b Fundación BBVA  |c 2007 
650 0 |a Música sagrada (Música litúrgica)  |9 540060 
650 0 |a Manuscritos   |9 313680 
650 0 |a Partituras  |9 324008 
650 0 |a Paleografía   |9 264942 
583 |a last modification  |c 20090820 00:00:00  |k Rodrigo Vera 
999 |c 335810  |d 335808 
952 |0 0  |1 0  |4 0  |6 782_290000000000000_ZAP_2007  |7 0  |8 X  |9 426534  |a FDOMLP  |b FDOMLP  |d 2019-11-22  |i 4590155  |o 782.29 ZAP 2007  |p 4590155  |r 2019-11-22  |w 2019-11-22  |y BK_X  |k BU2